[Event "27. Herner Stadtmeisterschaft 2026"]
[Site "?"]
[Date "2026.01.26"]
[Round "1.1"]
[White "Sikorski, Thomas"]
[Black "Koscielski, Janusz"]
[Result "0-1"]
[WhiteElo "1622"]
[BlackElo "2267"]
[WhiteFideId "-1"]
[BlackFideId "-1"]
[PlyCount "88"]
[GameId "2271010177454117"]
[EventDate "2026.??.??"]
[WhiteTeam "SF Essen-Katernberg 0"]
[BlackTeam "Bochumer SV 02"]

1. c4 g6 2. Nf3 Bg7 3. d4 d6 4. e4 Nd7 5. Be2 e5 6. Bg5 Ngf6 7. dxe5 dxe5 8. Nc3 h6 9. Bxf6 Bxf6 10. Nd5 c6 11. Nxf6+ Qxf6 12. Qd2 Nc5 13. Qe3 Ne6 14. O-O-O Nf4 15. g3 Nxe2+ 16. Qxe2 Bg4 17. Rd3 O-O 18. h3 Be6 19. Rd6 Rfd8 20. Rxd8+ Rxd8 21. b3 a5 22. Qe3 a4 23. Qc3 axb3 24. axb3 b5 25. c5 b4 26. Qe3 Ra8 27. Kb2 Bxb3 28. Qxb3 Ra3 29. Qxb4 Rxf3 30. Rd1 Rxf2+ 31. Rd2 Qf3 32. Rxf2 Qxf2+ 33. Ka3 Qxg3+ 34. Ka4 Qf4 35. Ka5 Kg7 36. Kb6 Qf6 37. Qd2 g5 38. Qd6 h5 39. Qxf6+ Kxf6 40. Kxc6 g4 41. hxg4 hxg4 42. Kb5 g3 43. c6 Ke7 44. Kb6 g2 0-1

[Event "27. Herner Stadtmeisterschaft 2026"]
[Site "?"]
[Date "2026.01.26"]
[Round "1.2"]
[White "Graw, Christopher"]
[Black "Schulz, Angelika"]
[Result "1-0"]
[WhiteElo "2147"]
[BlackElo "1613"]
[WhiteFideId "-1"]
[BlackFideId "-1"]
[PlyCount "35"]
[GameId "2271014701383790"]
[EventDate "2026.??.??"]
[WhiteTeam "SK Sodingen/Castrop 24/23 e. V."]
[BlackTeam "SV Erkenschwick 1923 e"]

1. d4 g6 2. e4 Bg7 3. Nc3 d6 4. Be3 Nd7 5. Qd2 b6 6. f3 Bb7 7. h4 h6 8. Nge2 e6 9. O-O-O Qe7 10. g4 O-O-O 11. Ng3 Rf8 12. Bg2 f6 13. d5 Ne5 14. Qe2 f5 15. gxf5 exf5 16. exf5 Kb8 17. Bd4 gxf5 18. f4 1-0

[Event "27. Herner Stadtmeisterschaft 2026"]
[Site "?"]
[Date "2026.01.26"]
[Round "1.3"]
[White "Schäfer, Michael"]
[Black "Quast, Marcel"]
[Result "0-1"]
[WhiteElo "1604"]
[BlackElo "2120"]
[WhiteFideId "-1"]
[BlackFideId "-1"]
[PlyCount "42"]
[GameId "2271018461069481"]
[EventDate "2026.??.??"]
[WhiteTeam "SK Sodingen/Castrop 24/23 e. V."]
[BlackTeam "SC Gerthe 46 - Werne"]

1. d4 f5 2. e4 fxe4 3. Nc3 Nf6 4. f3 d5 5. Bg5 Nc6 6. Bxf6 exf6 7. fxe4 dxe4 8. d5 Ne5 9. Qd4 Qe7 10. Qxe4 f5 11. Qe2 Ng4 12. Qxe7+ Bxe7 13. Nf3 O-O 14. Bc4 Ne3 15. Bb3 Bd6 16. Kf2 Ng4+ 17. Kf1 b6 18. Nb5 Ba6 19. Nfd4 Rae8 20. h3 Bc5 21. c4 Bxb5 0-1

[Event "27. Herner Stadtmeisterschaft 2026"]
[Site "?"]
[Date "2026.01.26"]
[Round "1.4"]
[White "Hahn, Matthias"]
[Black "Tolksdorf, Jürgen"]
[Result "1-0"]
[WhiteElo "2115"]
[BlackElo "1599"]
[WhiteFideId "-1"]
[BlackFideId "-1"]
[PlyCount "53"]
[GameId "2271022533279972"]
[EventDate "2026.??.??"]
[WhiteTeam "SV Bochum-Linden-Dahlh"]
[BlackTeam "SV Günnigfeld 1922 e."]

1. d4 e6 2. e4 b6 3. Bd3 Bb7 4. Nf3 Nc6 5. c3 h6 6. Nbd2 Nf6 7. O-O g5 8. Qe2 Qe7 9. b4 Nh5 10. g3 Ng7 11. b5 Na5 12. Nb3 Nxb3 13. axb3 h5 14. Bxg5 f6 15. Bh4 Qf7 16. Ra2 Be7 17. Rfa1 O-O 18. Rxa7 Rab8 19. Re1 d6 20. Nd2 Rfe8 21. Qe3 f5 22. Bxe7 Rxe7 23. Qg5 fxe4 24. Nxe4 Bxe4 25. Rxe4 e5 26. dxe5 Rxe5 27. Rxe5 1-0

[Event "27. Herner Stadtmeisterschaft 2026"]
[Site "?"]
[Date "2026.01.26"]
[Round "1.5"]
[White "Landwehr, Ingo"]
[Black "Waldschmidt, Georg"]
[Result "0-1"]
[WhiteElo "1531"]
[BlackElo "2044"]
[WhiteFideId "-1"]
[BlackFideId "-1"]
[PlyCount "72"]
[GameId "2271023775596794"]
[EventDate "2026.??.??"]
[WhiteTeam "Bochumer SV 02"]
[BlackTeam "SK Sodingen/Castrop 24/23 e. V."]

1. c4 Nf6 2. g3 c5 3. Bg2 d5 4. cxd5 Nxd5 5. Nc3 Nc7 6. Nf3 Nc6 7. d3 e5 8. O-O Be7 9. Be3 O-O 10. Nd2 Bd7 11. a4 Rc8 12. f4 exf4 13. Bxf4 Ne6 14. Nd5 Ned4 15. Nc4 Bg4 16. Nxe7+ Qxe7 17. Bd6 Nxe2+ 18. Kh1 Qd7 19. Bf3 Bxf3+ 20. Rxf3 Ncd4 21. Bxf8 Qd5 22. Qf1 Rxf8 23. Nd2 f5 24. Qg2 Nxf3 25. Qxf3 Qxf3+ 26. Nxf3 Rd8 27. Rd1 Nd4 28. Kg2 Kf7 29. Kf2 Kf6 30. Rc1 Nxf3 31. Kxf3 Rxd3+ 32. Ke2 Rd5 33. b4 b6 34. bxc5 Rxc5 35. Rxc5 bxc5 36. Kd3 g5 0-1

[Event "27. Herner Stadtmeisterschaft 2026"]
[Site "?"]
[Date "2026.01.26"]
[Round "1.6"]
[White "Callenberg, Ralf"]
[Black "Nouman, Abdulrrahman"]
[Result "1-0"]
[WhiteElo "2019"]
[BlackElo "1529"]
[WhiteFideId "-1"]
[BlackFideId "-1"]
[PlyCount "81"]
[GameId "2271017391435934"]
[EventDate "2026.??.??"]
[WhiteTeam "Recklinghäuser SV Süd/"]
[BlackTeam "SG Wanne"]

1. c4 d6 2. g3 e5 3. Bg2 Nf6 4. Nc3 Nc6 5. e4 Nd4 6. d3 Bg4 7. f3 Be6 8. Nge2 Be7 9. Nxd4 exd4 10. Ne2 c5 11. O-O O-O 12. h3 Qd7 13. Kh2 Rab8 14. f4 Qc8 15. f5 Bd7 16. g4 Bc6 17. Ng3 h6 18. Bf4 Nh7 19. Qd2 Bg5 20. Bxg5 hxg5 21. f6 gxf6 22. Nh5 Qe6 23. Nxf6+ Nxf6 24. Qxg5+ Kh8 25. Rxf6 Qe5+ 26. Qxe5 dxe5 27. g5 Bd7 28. a4 Kg7 29. b3 Be6 30. Kg3 Rh8 31. h4 b6 32. Raf1 Rbe8 33. Bh3 Re7 34. Bxe6 fxe6 35. Kg4 a6 36. h5 Rb8 37. h6+ Kh7 38. Kh5 b5 39. g6+ Kg8 40. g7 Ree8 41. Kg6 1-0

[Event "27. Herner Stadtmeisterschaft 2026"]
[Site "?"]
[Date "2026.01.26"]
[Round "1.7"]
[White "von Blumenthal, Nikolaus"]
[Black "Peter, Thomas"]
[Result "1/2-1/2"]
[WhiteElo "1515"]
[BlackElo "2014"]
[WhiteFideId "-1"]
[BlackFideId "-1"]
[PlyCount "106"]
[GameId "2271018965192884"]
[EventDate "2026.??.??"]
[WhiteTeam "SV Zeppelin Herne e. V."]
[BlackTeam "SV Wattenscheid 1930 e"]

1. e4 e6 2. Bc4 d5 3. exd5 exd5 4. Bb3 Nf6 5. h3 Bd6 6. Nf3 O-O 7. O-O c5 8. d3 h6 9. Nc3 Be6 10. a3 Nc6 11. Bd2 d4 12. Ne2 Bxb3 13. cxb3 Nd5 14. Qc1 Re8 15. Re1 Rc8 16. Nf4 Bxf4 17. Rxe8+ Qxe8 18. Bxf4 Na5 19. Bg3 Nxb3 20. Qc4 Nxa1 21. Qxd5 Qb5 22. Ne5 Qb3 23. Qd7 Rf8 24. Nf3 Qe6 25. Qxb7 Qb6 26. Qe7 Nb3 27. Bd6 Qd8 28. Qxf8+ Qxf8 29. Bxf8 Kxf8 30. Kf1 Nc1 31. Ne1 c4 32. dxc4 Ke7 33. Nf3 d3 34. Ke1 Nb3 35. Ne5 d2+ 36. Kd1 Kd6 37. Nf3 Kc5 38. Nxd2 Nxd2 39. Kxd2 Kxc4 40. Kc2 f5 41. f4 g5 42. g3 gxf4 43. gxf4 Kd4 44. b4 Ke4 45. b5 Kxf4 46. a4 Ke5 47. a5 Kd6 48. Kd3 Kc5 49. b6 axb6 50. axb6 Kxb6 51. Kd4 Kc6 52. Ke5 Kd7 53. Kxf5 Ke7 1/2-1/2

[Event "27. Herner Stadtmeisterschaft 2026"]
[Site "?"]
[Date "2026.01.26"]
[Round "1.8"]
[White "Cobanoglu, Ferhat"]
[Black "Ponto, Michael"]
[Result "1-0"]
[WhiteElo "1944"]
[BlackElo "1511"]
[WhiteFideId "-1"]
[BlackFideId "-1"]
[PlyCount "79"]
[GameId "2271024465240329"]
[EventDate "2026.??.??"]
[WhiteTeam "SK Sodingen/Castrop 24/23 e. V."]
[BlackTeam "SV Horst-Emscher 1931"]

1. e4 c6 2. c3 d5 3. d3 dxe4 4. dxe4 Qxd1+ 5. Kxd1 Nf6 6. f3 e5 7. g4 h6 8. h4 Be6 9. Nd2 Nbd7 10. Bc4 Bxc4 11. Nxc4 O-O-O 12. Kc2 Be7 13. Nh3 Ne8 14. Nf2 Nd6 15. Ne3 g5 16. h5 f6 17. a4 Nb6 18. b3 Nd7 19. Nd3 b6 20. Ba3 Rhe8 21. Nc1 Kc7 22. Ne2 Nc5 23. Rhd1 Ncb7 24. Ng3 Bf8 25. Rd2 Rd7 26. b4 a6 27. c4 Red8 28. Bb2 Nc8 29. Rxd7+ Rxd7 30. Bc3 Ne7 31. Ne2 Bg7 32. Nc1 Nd8 33. a5 Ne6 34. axb6+ Kxb6 35. Nb3 Nd4+ 36. Bxd4+ exd4 37. Nc5 Ra7 38. Nd1 f5 39. Nb2 fxe4 40. Nba4+ 1-0

[Event "27. Herner Stadtmeisterschaft 2026"]
[Site "?"]
[Date "2026.01.26"]
[Round "1.9"]
[White "Böcher, Joachim"]
[Black "Wiechen, Ulrich"]
[Result "0-1"]
[WhiteElo "1488"]
[BlackElo "1884"]
[WhiteFideId "-1"]
[BlackFideId "-1"]
[PlyCount "112"]
[GameId "2271020838650062"]
[EventDate "2026.??.??"]
[WhiteTeam "SV Günnigfeld 1922 e."]
[BlackTeam "SC Buer-Hassel 1919 e. V."]

1. d4 d5 2. Nf3 Nf6 3. Nbd2 Bf5 4. e3 e6 5. Ne5 Nbd7 6. Ndf3 Bd6 7. Nxd7 Nxd7 8. Bd3 Qf6 9. a3 h6 10. c4 dxc4 11. Bxc4 g5 12. b4 O-O 13. Bb2 Rfd8 14. O-O g4 15. Ne1 h5 16. f4 Qg6 17. Bd3 Nf6 18. Bxf5 Qxf5 19. Nd3 Qe4 20. Qe2 b6 21. Nf2 Qg6 22. Qd3 Kh7 23. Qxg6+ Kxg6 24. Nd3 Ne4 25. Rad1 Rd7 26. Nf2 Kf5 27. Nxe4 Kxe4 28. Bc1 Bf8 29. Kf2 a5 30. b5 a4 31. h3 gxh3 32. gxh3 Ra5 33. Rg1 Rxb5 34. Rg5 Rxg5 35. fxg5 e5 36. Bb2 c5 37. Ke2 exd4 38. exd4 cxd4 39. Re1 d3+ 40. Kd2+ Kf4 41. h4 Bc5 42. Be5+ Kg4 43. Re4+ Kf5 44. Re1 Bxa3 45. Bc3 Rd5 46. Rf1+ Kg4 47. Rxf7 Bd6 48. g6 Bf4+ 49. Kd1 Bh6 50. g7 Bxg7 51. Bxg7 Kxh4 52. Rf4+ Kg3 53. Rb4 h4 54. Kd2 h3 55. Re4 h2 56. Bd4 Rxd4 0-1

[Event "27. Herner Stadtmeisterschaft 2026"]
[Site "?"]
[Date "2026.01.26"]
[Round "1.10"]
[White "Schmidt, Ralph"]
[Black "Domnik, Roland"]
[Result "1-0"]
[WhiteElo "1879"]
[BlackElo "1475"]
[WhiteFideId "-1"]
[BlackFideId "-1"]
[PlyCount "53"]
[GameId "2271013212864598"]
[EventDate "2026.??.??"]
[WhiteTeam "SV Bochum-Linden-Dahlh"]
[BlackTeam "SV Datteln 1924"]

1. e4 c5 2. Nc3 Nc6 3. d3 e6 4. Be3 d6 5. d4 cxd4 6. Bxd4 e5 7. Be3 a6 8. Bc4 Nf6 9. Nd5 Nxd5 10. Bxd5 Qf6 11. Qd2 h6 12. Ne2 Be6 13. Nc3 Be7 14. O-O O-O 15. f4 exf4 16. Bxc6 bxc6 17. Bxf4 Bc4 18. Rf3 Qe6 19. b3 Bb5 20. a4 d5 21. exd5 cxd5 22. axb5 Bc5+ 23. Kh1 d4 24. Na4 axb5 25. Re1 Qc6 26. Nxc5 Qxc5 27. Bxh6 1-0

[Event "27. Herner Stadtmeisterschaft 2026"]
[Site "?"]
[Date "2026.01.26"]
[Round "1.11"]
[White "Krolik, Wilfried"]
[Black "Rohloff, Markus"]
[Result "0-1"]
[WhiteElo "1471"]
[BlackElo "1860"]
[WhiteFideId "-1"]
[BlackFideId "-1"]
[PlyCount "28"]
[GameId "2271012950655051"]
[EventDate "2026.??.??"]
[WhiteTeam "SV Waltrop 1922 e. V."]
[BlackTeam "SV Rot-Weiß-Altenessen"]

1. Nf3 Nf6 2. e3 g6 3. c4 Bg7 4. Nc3 O-O 5. b3 d6 6. Bb2 e5 7. e4 Nc6 8. d4 Nxd4 9. Nxd4 exd4 10. Qxd4 Nxe4 11. Qd3 Bf5 12. Qf3 Re8 13. Be2 Bg4 14. Qxg4 Nxc3 0-1

[Event "27. Herner Stadtmeisterschaft 2026"]
[Site "?"]
[Date "2026.01.26"]
[Round "1.12"]
[White "Funke, Eckhard"]
[Black "Bäcker, Simon"]
[Result "1/2-1/2"]
[WhiteElo "1788"]
[BlackElo "1451"]
[WhiteFideId "-1"]
[BlackFideId "-1"]
[PlyCount "78"]
[GameId "2271011692302400"]
[EventDate "2026.??.??"]
[WhiteTeam "SV Günnigfeld 1922 e."]
[BlackTeam "SK Sodingen/Castrop 24/23 e. V."]

1. d4 d5 2. c4 e6 3. Nf3 Nf6 4. Nc3 Bb4 5. Qa4+ Nc6 6. a3 Bxc3+ 7. bxc3 O-O 8. e3 Re8 9. Qc2 dxc4 10. Bxc4 e5 11. Ng5 Be6 12. Nxe6 fxe6 13. O-O exd4 14. exd4 Kh8 15. Bg5 e5 16. Bb5 exd4 17. Bxc6 d3 18. Qa4 bxc6 19. Rad1 Qd6 20. Bf4 Qd7 21. Qd4 Qe7 22. Qxd3 Rad8 23. Qc2 Rxd1 24. Qxd1 Nd5 25. Qc1 Nxf4 26. Qxf4 Qxa3 27. Qxc7 Qxc3 28. Qxa7 h6 29. h3 c5 30. Qa1 Qd2 31. Qc1 Qb4 32. Qc2 c4 33. Kh2 Rd8 34. Ra1 c3 35. Rc1 Qf4+ 36. Kh1 Rd2 37. Qxc3 Qxf2 38. Qc8+ Kh7 39. Qc6 Re2 1/2-1/2

[Event "27. Herner Stadtmeisterschaft 2026"]
[Site "?"]
[Date "2026.01.26"]
[Round "1.13"]
[White "Demmich, Kai"]
[Black "Klein, Andreas"]
[Result "0-1"]
[WhiteElo "1415"]
[BlackElo "1739"]
[WhiteFideId "-1"]
[BlackFideId "-1"]
[PlyCount "94"]
[GameId "2271025392443674"]
[EventDate "2026.??.??"]
[WhiteTeam "SG Schloss-König"]
[BlackTeam "SC Buer-Hassel 1919 e. V."]

1. d4 d5 2. c4 e6 3. Nc3 Nf6 4. cxd5 Nxd5 5. e4 Nb6 6. Bb5+ N8d7 7. Nf3 Be7 8. O-O c6 9. Be2 h6 10. a4 Nf6 11. Bd2 Nbd7 12. Re1 Nf8 13. Qc2 Bd7 14. Rad1 Rc8 15. Qb3 Qc7 16. Rc1 Qb8 17. Ne5 g5 18. Nxd7 N6xd7 19. d5 Bd6 20. g3 Nc5 21. Qa2 Rc7 22. Rcd1 Re7 23. dxe6 Nfxe6 24. Bh5 Ng7 25. Bf3 Nd3 26. Re2 Ne5 27. Bg2 O-O 28. Be1 Bc7 29. b4 Qc8 30. b5 g4 31. bxc6 bxc6 32. Re3 Bb6 33. Re2 Nf3+ 34. Kh1 Ne6 35. a5 Bc7 36. Bxf3 gxf3 37. Re3 Ng5 38. Bd2 Rfe8 39. Qc2 Bxa5 40. Rd3 Qh3 41. Rg1 Bb6 42. Be3 Qg4 43. Bxg5 hxg5 44. Re1 Qh5 45. Rg1 g4 46. Re1 Qh3 47. Rg1 Re6 0-1

[Event "27. Herner Stadtmeisterschaft 2026"]
[Site "?"]
[Date "2026.01.26"]
[Round "1.14"]
[White "Cosic, Tarik"]
[Black "Bunzel, Robert"]
[Result "1-0"]
[WhiteElo "1734"]
[BlackElo "1331"]
[WhiteFideId "-1"]
[BlackFideId "-1"]
[PlyCount "61"]
[GameId "2271023170719983"]
[EventDate "2026.??.??"]
[WhiteTeam "SV Waltrop 1922 e. V."]
[BlackTeam "SV Wattenscheid 1930 e"]

1. e4 e5 2. Nc3 Nf6 3. f4 d5 4. fxe5 Nxe4 5. Nf3 Nc6 6. Bb5 Bc5 7. Qe2 Bf2+ 8. Kd1 Nxc3+ 9. bxc3 Bb6 10. Nd4 Bxd4 11. cxd4 O-O 12. c3 a6 13. Bd3 Qg5 14. h3 Be6 15. Ba3 Rfe8 16. Rf1 Ne7 17. g4 b5 18. Kc2 Rab8 19. Qf2 a5 20. Bc5 b4 21. Bf5 Bxf5+ 22. gxf5 Nxf5 23. Qxf5 Qxf5+ 24. Rxf5 bxc3 25. dxc3 Re6 26. Raf1 Rg6 27. Rxf7 Rg2+ 28. R1f2 Rxf2+ 29. Rxf2 h6 30. e6 Re8 31. e7 1-0

[Event "27. Herner Stadtmeisterschaft 2026"]
[Site "?"]
[Date "2026.01.26"]
[Round "1.15"]
[White "Scheithauer, Ralf"]
[Black "Kramer, Martin"]
[Result "0-1"]
[WhiteElo "1326"]
[BlackElo "1699"]
[WhiteFideId "-1"]
[BlackFideId "-1"]
[PlyCount "60"]
[GameId "2271016677339281"]
[EventDate "2026.??.??"]
[WhiteTeam "Bochumer SV 02"]
[BlackTeam "SF Schwerte 1951"]

1. e4 c5 2. Nf3 d6 3. c3 Nf6 4. Be2 g6 5. O-O Bg7 6. d3 O-O 7. Be3 Nc6 8. Re1 h6 9. Qc1 Kh7 10. h3 e5 11. Nbd2 b6 12. Rb1 d5 13. d4 exd4 14. cxd4 dxe4 15. Nh2 Nxd4 16. Bf1 Bb7 17. Rd1 Qe7 18. b3 Nd5 19. Nc4 Nc3 20. Bxd4 cxd4 21. Ng4 Nxd1 22. Qxd1 f5 23. Nh2 Rac8 24. Qd2 Rfe8 25. Qf4 Red8 26. Rd1 d3 27. g4 Qg5 28. Qg3 f4 29. Qg2 b5 30. Na5 Ba8 0-1

[Event "27. Herner Stadtmeisterschaft 2026"]
[Site "?"]
[Date "2026.01.26"]
[Round "1.16"]
[White "Shelukie, Magd"]
[Black "Kümmel, Hans-Jürgen"]
[Result "1-0"]
[WhiteElo "1677"]
[BlackElo "1278"]
[WhiteFideId "-1"]
[BlackFideId "-1"]
[PlyCount "67"]
[GameId "2271020164104383"]
[EventDate "2026.??.??"]
[WhiteTeam "SV Horst-Emscher 1931"]
[BlackTeam "SV Günnigfeld 1922 e."]

1. e4 c6 2. d4 d5 3. Nc3 dxe4 4. Nxe4 Nf6 5. Nxf6+ exf6 6. Be3 Bd6 7. Bd3 O-O 8. Qd2 f5 9. Ne2 Be6 10. Nf4 Bxf4 11. Bxf4 Nd7 12. O-O c5 13. Bd6 Re8 14. dxc5 Nf6 15. Rfe1 Ne4 16. Bxe4 fxe4 17. Rxe4 Bf5 18. Rxe8+ Qxe8 19. a3 Qd7 20. c3 Re8 21. Rd1 Be4 22. f3 Bc6 23. Qd4 Qe6 24. Bg3 Qe7 25. Rd2 Qe6 26. b4 Bb5 27. Qf2 Qc4 28. Rc2 Qd3 29. h3 Qd1+ 30. Kh2 Be2 31. Rb2 Bc4 32. Qd4 Qa1 33. Rd2 Bb5 34. c4 1-0

[Event "27. Herner Stadtmeisterschaft 2026"]
[Site "?"]
[Date "2026.01.26"]
[Round "1.17"]
[White "Mohammad, Othman"]
[Black "Koch, Burkhard"]
[Result "0-1"]
[WhiteElo "1273"]
[BlackElo "1670"]
[WhiteFideId "-1"]
[BlackFideId "-1"]
[PlyCount "56"]
[GameId "2271015132631163"]
[EventDate "2026.??.??"]
[WhiteTeam "SG Wanne"]
[BlackTeam "SG Wanne"]

1. e4 e6 2. Nc3 d5 3. d4 Nf6 4. e5 Nfd7 5. Nf3 a6 6. Bg5 Be7 7. Bxe7 Qxe7 8. Bd3 c5 9. dxc5 Nxc5 10. Be2 Nc6 11. a3 Nd7 12. Na4 b5 13. Nc3 Ndxe5 14. O-O O-O 15. Nxe5 Nxe5 16. Re1 Qf6 17. Bf3 Bb7 18. Qe2 Nxf3+ 19. Qxf3 Qxf3 20. gxf3 Rfc8 21. Kg2 Rc4 22. Rac1 Rac8 23. Kg3 g5 24. Re2 d4 25. Nd1 d3 26. Rd2 Rxc2 27. Rdxc2 Rxc2 28. Rb1 d2 0-1

[Event "27. Herner Stadtmeisterschaft 2026"]
[Site "?"]
[Date "2026.01.26"]
[Round "1.18"]
[White "Wieschermann, Axel"]
[Black "Neumann, Frank"]
[Result "1-0"]
[WhiteElo "1657"]
[BlackElo "1272"]
[WhiteFideId "-1"]
[BlackFideId "-1"]
[PlyCount "41"]
[GameId "2271022106521817"]
[EventDate "2026.??.??"]
[WhiteTeam "SG Winz-Baak 48"]
[BlackTeam "SV Waltrop 1922 e. V."]

1. d4 d5 2. c4 e6 3. Nc3 Nf6 4. Bg5 Be7 5. e3 Nbd7 6. cxd5 exd5 7. Bd3 h6 8. Bh4 c6 9. Nge2 O-O 10. O-O b5 11. Rc1 a5 12. b3 Re8 13. a4 b4 14. Nb1 Bb7 15. Nd2 Ne4 16. Bg3 Nxd2 17. Qxd2 Nf6 18. f3 Nh5 19. Bf2 Bd6 20. e4 Be7 21. e5 1-0

[Event "27. Herner Stadtmeisterschaft 2026"]
[Site "?"]
[Date "2026.01.26"]
[Round "1.19"]
[White "Bock, Oswin"]
[Black "Foltin, Alica"]
[Result "0-1"]
[WhiteElo "1218"]
[BlackElo "1650"]
[WhiteFideId "-1"]
[BlackFideId "-1"]
[PlyCount "70"]
[GameId "2271015770419334"]
[EventDate "2026.??.??"]
[WhiteTeam "SV Günnigfeld 1922 e."]
[BlackTeam "SV Waltrop 1922 e. V."]

1. Nf3 Nf6 2. g3 d5 3. Bg2 e6 4. O-O Be7 5. d3 O-O 6. c3 c5 7. Nbd2 Nc6 8. a3 Qc7 9. Re1 b5 10. Nf1 Rd8 11. Bf4 Qb6 12. Qc2 c4 13. Be3 Bc5 14. Bg5 Bxf2+ 15. Kh1 Bxe1 16. Bxf6 gxf6 17. Rxe1 Rb8 18. d4 e5 19. Qd2 e4 20. Nh4 Kg7 21. Qf4 Ne7 22. Ne3 a5 23. Ng4 Ng6 24. Qh6+ Kg8 25. Nxg6 fxg6 26. Ne3 Be6 27. Rf1 Rf8 28. Bh3 f5 29. Ng2 b4 30. Nf4 bxc3 31. Nxg6 Rf7 32. Ne5 cxb2 33. Nxf7 Bxf7 34. Qxb6 Rxb6 35. Rb1 c3 0-1

[Event "27. Herner Stadtmeisterschaft 2026"]
[Site "?"]
[Date "2026.01.26"]
[Round "1.20"]
[White "Bieger, Peter"]
[Black "Malessa, Uwe"]
[Result "1-0"]
[WhiteElo "1646"]
[BlackElo "964"]
[WhiteFideId "-1"]
[BlackFideId "-1"]
[PlyCount "59"]
[GameId "2271026990821671"]
[EventDate "2026.??.??"]
[WhiteTeam "SF Fliegenpils e. V."]
[BlackTeam "SV Erkenschwick 1923 e"]

1. e4 c5 2. Nc3 e6 3. f4 Nc6 4. Nf3 Nf6 5. Bb5 Nd4 6. O-O a6 7. Bd3 d5 8. exd5 exd5 9. Qe1+ Be7 10. Nxd4 cxd4 11. Ne2 O-O 12. b3 Re8 13. Bb2 Bc5 14. Qh4 Ne4 15. Qxd8 Rxd8 16. Rad1 Bg4 17. Rfe1 Re8 18. Kf1 Re6 19. Nxd4 Bxd1 20. Rxd1 Rf6 21. g3 Re8 22. Nf3 Rd6 23. Be5 Rde6 24. c4 Nf6 25. Bf5 R6e7 26. d4 Ba7 27. g4 Rd8 28. c5 h5 29. h3 g6 30. Bxf6 1-0